000 01053nam a2200301 a 4500
001 41924
003 BD-RjUL
005 20211209053454.0
008 160607s1976 enk b 001 0 eng
020 _a0333150163
_c: L.10.00
035 _a(BD-RjUL)42042
035 _a686214
040 _aLC
_beng
_cLC
_dABN:1
041 _aeng
082 0 4 _a338.91172
_bMAM 1976
100 1 _aMacBean, Alasdair I.
_9128838
245 1 0 _aMeeting the Third World challenge /
_cAlasdair I. MacBean and V. N. Balasubramanyam.
260 _aLondon :
_bMacmillan Press for the Trade Policy Research Centre,
_c1976.
300 _axvi, 272 p. ;
_c22 cm.
490 0 _aWorld economic issues ;
_v 3
504 _aIncludes Bibliography and index.
650 0 _aInternational economic relations.
_9128839
651 0 _aDeveloping countries
_xEconomic policy.
_9128840
700 1 _aBalasubramanyam, V. N.
_q(Vudayagiri N.),
_d1937-,
_ejoint author.
_9128841
710 2 _aTrade Policy Research Centre (London, England)
_9128842
942 _2ddc
_cBK
999 _c41924
_d41924